[Event "GRE-ch Univ Students online 1st"]
[Site "Tornelo INT"]
[Date "2022.05.29"]
[Round "8"]
[White "Lagaras, Stylianos"]
[Black "Galanakis, Mihail"]
[Result "1/2-1/2"]
[WhiteElo "1861"]
[BlackElo "1682"]
[PlyCount "153"]
[EventDate "2022.05.28"]
[EventType "swiss (rapid)"]
[EventRounds "9"]
[EventCountry "GRE"]
[SourceTitle "EXT 2024"]
[Source "ChessBase"]
[SourceDate "2023.10.10"]
[SourceVersion "1"]
[SourceVersionDate "2023.10.10"]
[SourceQuality "1"]

1. d4 c6 2. c4 d5 3. Nf3 Nf6 4. Nc3 e6 5. Bg5 Be7 6. e3 0-0 7. Bd3 dxc4 8. Bxc4 c5 9. 0-0 cxd4 10. Nxd4 a6 11. Qf3 Nbd7 12. Bb3 Qa5 13. Bh4 Ne5 14. Qe2 Ng6 15. Bg3 Bd7 16. Rfd1 Rac8 17. Rac1 Rfd8 18. Qf3 Bc6 19. Nxc6 Rxc6 20. Rxd8+ Qxd8 21. Rd1 Qc8 22. h4 Bb4 23. h5 Ne7 24. h6 Bxc3 25. bxc3 Rxc3 26. Be5 Rc1 27. Bxf6 Rxd1+ 28. Bxd1 gxf6 29. Qxf6 Kf8 30. Qh8+ Ng8 31. Qxh7 Ke7 32. Bh5 Qf8 33. Qxf7+ Qxf7 34. Bxf7 Kxf7 35. h7 Kg7 36. hxg8Q+ Kxg8 37. f4 b5 38. Kf2 a5 39. Ke2 Kf7 40. Kd3 Kf6 41. g4 Ke7 42. e4 Kd6 43. g5 Ke7 44. f5 e5 45. Kc3 Kd6 46. g6 Ke7 47. a4 b4+ 48. Kb3 Kf6 49. Kc4 Ke7 50. g7 Kf7 51. f6 Kg8 52. Kd5 b3 53. Ke6 b2 54. f7+ Kxg7 55. Ke7 b1Q 56. f8Q+ Kg6 57. Qf5+ Kh6 58. Qf6+ Kh7 59. Qf7+ Kh6 60. Qf6+ Kh7 61. Qxe5 Qb4+ 62. Kf6 Qf8+ 63. Ke6 Qe8+ 64. Kf5 Qh5+ 65. Kf4 Qh2+ 66. Kf5 Qh5+ 67. Ke6 Qe8+ 68. Kd5 Qa8+ 69. Kc4 Qc6+ 70. Kd3 Qxa4 71. Qe7+ Kg6 72. Qe6+ Kg5 73. Qf5+ Kh6 74. Qf6+ Kh5 75. Qf5+ Kh6 76. Qf6+ Kh5 77. Qf5+ 1/2-1/2

[Event "FIDE World Uni Rapid-B 1st"]
[Site "Tornelo INT"]
[Date "2021.03.21"]
[Round "12"]
[White "Davis, Christopher"]
[Black "Lagaras, Stylianos"]
[Result "0-1"]
[WhiteElo "1337"]
[BlackElo "1865"]
[PlyCount "124"]
[EventDate "2021.03.20"]
[EventType "swiss (rapid)"]
[EventRounds "12"]
[EventCountry "NET"]
[SourceTitle "CBM 201 Extra"]
[Source "ChessBase"]
[SourceDate "2021.05.31"]
[SourceVersion "1"]
[SourceVersionDate "2021.05.31"]
[SourceQuality "1"]

1. e4 c5 2. Nf3 e6 3. c4 Nc6 4. Nc3 g6 5. g3 Bg7 6. d3 Nge7 7. Bg2 0-0 8. 0-0 d6 9. Be3 Nd4 10. Bxd4 cxd4 11. Ne2 Nc6 12. a3 a5 13. Rb1 a4 14. Nd2 Qc7 15. f4 b6 16. h3 Bb7 17. Kh2 Rfd8 18. Rc1 Ne7 19. Nf3 Qc5 20. Qe1 Nc6 21. Qf2 Rd7 22. g4 Rf8 23. f5 Ne5 24. Nxe5 Qxe5+ 25. Kh1 Bh6 26. f6 Bxc1 27. Rxc1 d5 28. cxd5 exd5 29. Rf1 h6 30. Qh4 Qg5 31. Qg3 dxe4 32. Bxe4 Bxe4+ 33. dxe4 d3 34. Nc3 d2 35. h4 Qc5 36. Qf4 Kh7 37. h5 g5 38. Qf3 Rfd8 39. Nd5 Rxd5 40. exd5 Qxd5 41. Qxd5 Rxd5 42. Rd1 Kg8 43. Kg2 Kf8 44. Kf3 Ke8 45. Ke3 Kd7 46. Rxd2 Rxd2 47. Kxd2 Ke6 48. Kd3 Kxf6 49. Kd4 Ke6 50. Ke4 f6 51. Kd4 f5 52. gxf5+ Kxf5 53. Kc4 g4 54. Kb5 g3 55. Kxb6 g2 56. Ka5 g1Q 57. Kxa4 Qb6 58. b4 Ke4 59. b5 Kd4 60. Kb4 Qc5+ 61. Ka4 Kc4 62. b6 Qb5# 0-1

[Event "FIDE World Uni Rapid-B 1st"]
[Site "Tornelo INT"]
[Date "2021.03.20"]
[Round "4"]
[White "Gabuzyan, Hovhannes"]
[Black "Lagaras, Stylianos"]
[Result "1-0"]
[WhiteElo "2557"]
[BlackElo "1865"]
[PlyCount "49"]
[EventDate "2021.03.20"]
[EventType "swiss (rapid)"]
[EventRounds "12"]
[EventCountry "NET"]
[SourceTitle "CBM 201 Extra"]
[Source "ChessBase"]
[SourceDate "2021.05.31"]
[SourceVersion "1"]
[SourceVersionDate "2021.05.31"]
[SourceQuality "1"]

1. e4 c5 2. Nc3 d6 3. f4 g6 4. Nf3 Bg7 5. Bc4 Nc6 6. 0-0 e6 7. d4 Nxd4 8. Be3 Nxf3+ 9. Qxf3 Ne7 10. f5 gxf5 11. exf5 Nxf5 12. g4 d5 13. Bb5+ Bd7 14. gxf5 d4 15. fxe6 0-0 16. Bxd7 dxe3 17. exf7+ Kh8 18. Be8 Qb6 19. Ne2 Qxb2 20. Rab1 Qxc2 21. Kh1 b6 22. Rg1 Qxa2 23. Qg2 Rxf7 24. Bxf7 Qxf7 25. Qxa8+ 1-0

[Event "FIDE World Uni Rapid-B 1st"]
[Site "Tornelo INT"]
[Date "2021.03.20"]
[Round "6"]
[White "Lagaras, Stylianos"]
[Black "Osmak, Iulija"]
[Result "0-1"]
[WhiteElo "1865"]
[BlackElo "2428"]
[PlyCount "78"]
[EventDate "2021.03.20"]
[EventType "swiss (rapid)"]
[EventRounds "12"]
[EventCountry "NET"]
[SourceTitle "CBM 201 Extra"]
[Source "ChessBase"]
[SourceDate "2021.05.31"]
[SourceVersion "1"]
[SourceVersionDate "2021.05.31"]
[SourceQuality "1"]

1. e4 d6 2. d4 Nf6 3. Nc3 Nbd7 4. Nf3 e5 5. Bc4 Be7 6. Bxf7+ Kxf7 7. Ng5+ Kg8 8. Ne6 Qe8 9. Nxc7 Qg6 10. Nxa8 Qxg2 11. Rf1 exd4 12. Qxd4 Ne5 13. f4 Bh3 14. Qf2 Qxf2+ 15. Rxf2 Nfg4 16. Nc7 Bh4 17. fxe5 Bxf2+ 18. Ke2 dxe5 19. Ne6 h6 20. Nd5 Kf7 21. Nef4 exf4 22. Nxf4 Nxh2 23. Nxh3 Bd4 24. c3 Bf6 25. Bf4 Ng4 26. Rd1 Re8 27. Rd7+ Re7 28. Rxe7+ Kxe7 29. Bb8 a6 30. Nf4 g5 31. Nd5+ Ke6 32. a4 Be5 33. Ba7 h5 34. b4 h4 35. Kf1 Nh2+ 36. Kg2 g4 37. Ne3 h3+ 38. Kg1 g3 39. Nf5 Nf3+ 0-1

[Event "GRE-chT Online Rapid op 1st"]
[Site "Tornelo INT"]
[Date "2021.02.20"]
[Round "3.13"]
[White "Lagaras, Stylianos"]
[Black "Megalios, Konstantinos"]
[Result "1/2-1/2"]
[WhiteElo "1865"]
[BlackElo "2390"]
[PlyCount "113"]
[EventDate "2021.02.20"]
[EventType "team-swiss (rapid)"]
[EventRounds "9"]
[EventCountry "GRE"]
[SourceTitle "EXT 2023"]
[Source "ChessBase"]
[SourceDate "2022.10.05"]
[SourceVersion "1"]
[SourceVersionDate "2022.10.05"]
[SourceQuality "1"]

1. e4 c6 2. d4 d5 3. e5 Bf5 4. Nf3 e6 5. Be2 Nd7 6. 0-0 Bg6 7. Nbd2 Nh6 8. Nb3 a5 9. a4 Be7 10. Bd2 0-0 11. Rc1 f6 12. Qe1 b6 13. c4 Be4 14. cxd5 Bxd5 15. Bc4 fxe5 16. Bxd5 exd5 17. Nxe5 Nxe5 18. Qxe5 Qd7 19. Bxh6 gxh6 20. Rfe1 Bg5 21. Rcd1 Rae8 22. Qg3 Kh8 23. Nc1 Bf6 24. Re3 Rg8 25. Rxe8 Qxe8 26. Qf4 Qg6 27. g3 Qg7 28. Ne2 Re8 29. Nc3 Kg8 30. Qd6 Bxd4 31. Qxc6 Qe5 32. Qxd5+ Qxd5 33. Nxd5 Bxb2 34. Nxb6 Re4 35. Kg2 Rb4 36. Rd6 Bd4 37. Nd5 Rxa4 38. Ne7+ Kf7 39. Nf5 Bc5 40. Nxh6+ Ke8 41. Ra6 Ra2 42. Ng4 Ke7 43. h4 h5 44. Ne5 Bxf2 45. Nc4 Be1+ 46. Kf3 Bb4 47. g4 Rc2 48. Nxa5 Rc3+ 49. Ke4 Bxa5 50. Rxa5 hxg4 51. Rg5 g3 52. h5 Kf6 53. Rg6+ Kf7 54. Kf4 Rc5 55. Rxg3 Rxh5 56. Rg5 Rxg5 57. Kxg5 1/2-1/2

[Event "GRE-chT Online Rapid op 1st"]
[Site "Tornelo INT"]
[Date "2021.02.20"]
[Round "1.2"]
[White "Lagaras, Stylianos"]
[Black "Pavlidis, Antonios"]
[Result "0-1"]
[WhiteElo "1865"]
[BlackElo "2536"]
[PlyCount "102"]
[EventDate "2021.02.20"]
[EventType "team-swiss (rapid)"]
[EventRounds "9"]
[EventCountry "GRE"]
[SourceTitle "EXT 2023"]
[Source "ChessBase"]
[SourceDate "2022.10.05"]
[SourceVersion "1"]
[SourceVersionDate "2022.10.05"]
[SourceQuality "1"]

1. d4 Nf6 2. Nf3 g6 3. c4 Bg7 4. Nc3 0-0 5. Bg5 d6 6. e3 h6 7. Bh4 g5 8. Bg3 Nh5 9. Be2 e6 10. Qc2 Nd7 11. Nd2 Ndf6 12. 0-0-0 Qe7 13. f4 gxf4 14. exf4 Nxg3 15. hxg3 e5 16. fxe5 dxe5 17. d5 Ng4 18. Bxg4 Bxg4 19. Rdf1 f5 20. Nf3 e4 21. Nh4 Qg5+ 22. Kb1 Be5 23. Nf3 exf3 24. gxf3 Bxc3 25. Qxc3 Bh5 26. f4 Qg6 27. Rh4 Bg4 28. Re1 Rae8 29. Rhh1 Re4 30. Rxe4 fxe4 31. Qe3 Bf3 32. Rc1 b6 33. a3 Qd6 34. Qd4 Qf6 35. Qe3 Rd8 36. Ka2 c6 37. g4 cxd5 38. cxd5 Qf7 39. f5 Qxd5+ 40. Ka1 Qd2 41. Qb3+ Kh8 42. Rc7 Qd1+ 43. Qxd1 Rxd1+ 44. Ka2 Bxg4 45. f6 Rf1 46. Re7 Rxf6 47. Rxe4 Be6+ 48. b3 Rf2+ 49. Ka1 Bxb3 50. Re8+ Kg7 51. Re7+ Rf7 0-1

[Event "GRE-ch Online Blitz op 1st"]
[Site "Tornelo INT"]
[Date "2021.02.07"]
[Round "13"]
[White "Georgiadis, Anastasios"]
[Black "Lagaras, Stylianos"]
[Result "1-0"]
[WhiteElo "1263"]
[BlackElo "1550"]
[PlyCount "61"]
[EventDate "2021.02.07"]
[EventType "swiss (blitz)"]
[EventRounds "16"]
[EventCountry "GRE"]
[SourceTitle "EXT 2023"]
[Source "ChessBase"]
[SourceDate "2022.10.05"]
[SourceVersion "1"]
[SourceVersionDate "2022.10.05"]
[SourceQuality "1"]

1. d4 Nf6 2. c4 e6 3. Nc3 Bb4 4. e3 0-0 5. Nge2 c5 6. a3 Bxc3+ 7. Nxc3 cxd4 8. exd4 d5 9. cxd5 Nxd5 10. Bd3 Nc6 11. 0-0 Kh8 12. Be3 Qf6 13. Nxd5 exd5 14. Qh5 h6 15. Qxd5 Rd8 16. Qe4 g6 17. d5 Bf5 18. Qc4 Bxd3 19. Qxd3 Ne5 20. Qe4 Kh7 21. Bd4 Re8 22. Rae1 Nf3+ 23. Qxf3 Qxd4 24. Qxf7+ Qg7 25. Qxg7+ Kxg7 26. Rxe8 Rxe8 27. Rd1 Kf6 28. f3 Ke7 29. Re1+ Kd7 30. Rxe8 Kxe8 31. Kf2 1-0

[Event "GRE-ch Online Blitz op 1st"]
[Site "Tornelo INT"]
[Date "2021.02.07"]
[Round "14"]
[White "Tsakona, Maria"]
[Black "Lagaras, Stylianos"]
[Result "1-0"]
[WhiteElo "1407"]
[BlackElo "1550"]
[PlyCount "107"]
[EventDate "2021.02.07"]
[EventType "swiss (blitz)"]
[EventRounds "16"]
[EventCountry "GRE"]
[SourceTitle "EXT 2023"]
[Source "ChessBase"]
[SourceDate "2022.10.05"]
[SourceVersion "1"]
[SourceVersionDate "2022.10.05"]
[SourceQuality "1"]

1. e4 c5 2. Nf3 d6 3. Bb5+ Bd7 4. Bxd7+ Qxd7 5. 0-0 Nf6 6. Re1 e6 7. c3 Nc6 8. d4 cxd4 9. cxd4 d5 10. e5 Ne4 11. Nbd2 Rd8 12. Nf1 Bb4 13. Bd2 Nxd2 14. N1xd2 0-0 15. a3 Ba5 16. b4 Bb6 17. Nb3 a5 18. b5 Ne7 19. a4 Nf5 20. Qd2 Qe7 21. Nxa5 Rc8 22. Rec1 Rxc1+ 23. Rxc1 Qa3 24. Nxb7 Qxa4 25. Rb1 Rc8 26. Nd6 Nxd6 27. exd6 Rc2 28. Qg5 h6 29. Qh4 Qxb5 30. Rf1 Qd7 31. Qf4 Rc6 32. Ne5 Qxd6 33. Qxf7+ Kh7 34. Qg6+ Kg8 35. Qf7+ Kh7 36. Nxc6 Qxc6 37. Qf4 Kg8 38. Qe5 Bc7 39. Qe3 Qd6 40. g3 Kh7 41. Re1 e5 42. dxe5 Qe6 43. Qd3+ Kh8 44. Qc3 Bb6 45. Qf3 d4 46. Qa8+ Kh7 47. Qe4+ Kh8 48. g4 Bc5 49. Qa8+ Kh7 50. Qe4+ Kh8 51. Qf5 Qd5 52. e6 d3 53. Qxd5 d2 54. Qxd2 1-0

[Event "GRE-ch Online Rapid op 1st"]
[Site "Tornelo INT"]
[Date "2021.02.06"]
[Round "1"]
[White "Lagaras, Stylianos"]
[Black "Kalyvas, Georgios A"]
[Result "1-0"]
[WhiteElo "1675"]
[BlackElo "1052"]
[PlyCount "55"]
[EventDate "2021.02.06"]
[EventType "swiss (rapid)"]
[EventRounds "8"]
[EventCountry "GRE"]
[SourceTitle "EXT 2023"]
[Source "ChessBase"]
[SourceDate "2022.10.05"]
[SourceVersion "1"]
[SourceVersionDate "2022.10.05"]
[SourceQuality "1"]

1. e4 c5 2. Nf3 Nc6 3. d4 cxd4 4. Nxd4 Nf6 5. Nc3 e5 6. Ndb5 d6 7. Bg5 Be6 8. Nd5 Bxd5 9. Bxf6 gxf6 10. Qxd5 Qd7 11. Be2 h5 12. 0-0 a6 13. Na3 Nd4 14. Bd1 Rc8 15. Qa5 Rg8 16. Kh1 h4 17. h3 Rc5 18. Qd2 Ne6 19. Bg4 Rg6 20. Rad1 Bh6 21. Qxd6 Qxd6 22. Rxd6 Rc6 23. Rxc6 bxc6 24. Nc4 Kd7 25. Rd1+ Kc7 26. Nd6 Nd8 27. Ne8+ Kb7 28. Rxd8 1-0

[Event "Wiesbaden op 30th"]
[Site "Wiesbaden"]
[Date "2018.08.25"]
[Round "4"]
[White "Kiefer, Daniel"]
[Black "Lagaras, Stylianos"]
[Result "0-1"]
[WhiteElo "2197"]
[BlackElo "1934"]
[PlyCount "76"]
[EventDate "2018.08.23"]
[EventType "swiss"]
[EventRounds "7"]
[EventCountry "GER"]
[SourceTitle "CBM 186 Extra"]
[Source "ChessBase"]
[SourceDate "2018.08.24"]
[SourceVersion "1"]
[SourceVersionDate "2018.08.24"]
[SourceQuality "1"]

1. e4 c5 2. Nf3 d6 3. d4 cxd4 4. Nxd4 Nf6 5. Nc3 a6 6. Bg5 Nbd7 7. Qe2 h6 8. Bh4 e5 9. Nf5 g6 10. Ne3 Be7 11. 0-0-0 b5 12. f3 0-0 13. Bxf6 Nxf6 14. Kb1 Be6 15. Ncd5 Bxd5 16. Nxd5 Nxd5 17. Rxd5 Qa5 18. Qf2 Rfc8 19. Be2 Rc5 20. Rhd1 Rac8 21. c3 b4 22. cxb4 Qxb4 23. Bxa6 Rc2 24. Qxc2 Rxc2 25. Kxc2 Qa4+ 26. Kb1 Qxa6 27. R5d2 Kg7 28. a3 Kf6 29. Rc2 Ke6 30. Rdd2 Bg5 31. Re2 Qd3 32. Ka2 Be3 33. Ka1 f5 34. h3 g5 35. exf5+ Kxf5 36. Ka2 d5 37. b4 d4 38. Rb2 Bc1 0-1